Mathematics of engineering systems /

Guardado en:
Autor Principal: Raven, Francis H. 1928-
Formato: Libro
Idioma:English
Publicado: New York : Tokyo : McGraw-Hill ; Kogakusha, c1966.
Edición:International student ed.
Etiquetas: Agregar Etiqueta
Sin Etiquetas, Sea el primero en etiquetar este registro!
LEADER 01051cam a22001935 4500
001 MAT.inmabb001708
008 730305s1966####nyua#####b####001#0#eng#d
005 20160223152054.0
245 1 0 |a Mathematics of engineering systems /  |c Francis H. Raven. 
250 |a International student ed. 
260 |a New York :  |b McGraw-Hill ;  |a Tokyo :  |b Kogakusha,  |c c1966. 
300 |a xiii, 524 p. :  |b il. ;  |c 21 cm. 
504 |a Incluye referencias bibliográficas. 
505 0 |a 1. The Laplace transformation -- 2. Properties of the Laplace transformation -- 3. Linear differential equations -- 4. Engineering applications -- 5. Complex-variable theory -- 6. Residues and contour integration -- 7. Partial differential equations -- 8. Boundary-value problems -- 9. Vector-field theory -- 10. Mapping -- 11. Differential equations with variable coefficients -- 12. Matrices and numerical methods. 
100 1 |a Raven, Francis H.  |q (Francis Harvey),  |d 1928- 
084 |a 00A06  |2 msc2000 
010 |a  65027680  
044 |a nyu  |a ja 
859 |h 00A06  |i R253  |p A-3046  |b BIB. MATEMATICA